Visualizzazione normale
Vista MARC
- BIOGRAFICO - STORICO
di Topical Term
Records bibliografici associati: 1
001 - CONTROL NUMBER
- control field: 49228
003 - CONTROL NUMBER IDENTIFIER
- control field: IT-RoPau
005 - DATE AND TIME OF LATEST TRANSACTION
- control field: 20151202083323.0
008 - FIXED-LENGTH DATA ELEMENTS
- fixed length control field: 151202|| aca||aabn | a|a d
040 ## - CATALOGING SOURCE
- Original cataloging agency: IT-RoPau
- Transcribing agency: IT-RoPau
150 ## - HEADING--TOPICAL TERM
- Topical term or geographic name entry element: BIOGRAFICO - STORICO
- : DVD-FILM [DVD]
- General subdivision: Codice MATERIA SPICS: 9947
670 ## - SOURCE DATA FOUND
- Source citation: Work cat.: (IT-RoPau)106880: Wieczynski Rafal Codice regista SPICS: 60237 49226, POPIELUSZKO POPIELUSZKO (Rif. Codice opera principale : K0587)